Diálogos filosóficos / (Record no. 141722)

MARC details
000 -LEADER
campo de control de longitud fija 00524nam a2200181 i 4500
001 - NÚMERO DE CONTROL
campo de control 141722
003 - IDENTIFICADOR DE NÚMERO DE CONTROL
campo de control ES-MaACL
005 - FECHA Y HORA DE LA ÚLTIMA TRANSACCIÓN
campo de control 20250804062747.0
007 - CAMPO FIJO DE DESCRIPCIÓN FÍSICA--INFORMACIÓN GENERAL
campo de control de longitud fija t|
008 - DATOS DE LONGITUD FIJA--INFORMACIÓN GENERAL
campo de control de longitud fija 070927s1921 cr |||| | spa d
100 1# - ENTRADA PRINCIPAL--NOMBRE DE PERSONA
Nombre de persona Vincenzi, Moisés.
9 (RLIN) 115315
245 10 - MENCIÓN DEL TÍTULO
Título Diálogos filosóficos /
Mención de responsabilidad, etc. Moisés Vincenzi.
260 ## - PUBLICACIÓN, DISTRIBUCIÓN, ETC.
Lugar de publicación, distribución, etc. Costa Rica :
Nombre del editor, distribuidor, etc. Popol Vuh. Centro Intelectual,
Fecha de publicación, distribución, etc. [1921] (
Fabricante Tip. Trejos)
300 ## - DESCRIPCIÓN FÍSICA
Extensión 142 p. ;
Dimensiones 20 cm.
650 17 - PUNTO DE ACCESO ADICIONAL DE MATERIA--TÉRMINO DE MATERIA
Término de materia o nombre geográfico como elemento de entrada Filosofía
Fuente del encabezamiento o término embne
9 (RLIN) 12802
852 ## - LOCALIZACIÓN
Ubicación ES-MaACL
Número de control de estantería F-5071
Holdings
Estatus retirado Estado de pérdida Estado de daño No para préstamo Biblioteca de origen Biblioteca actual Ubicación en estantería Fecha de adquisición Fuente de adquisición Total de préstamos Signatura topográfica completa Código de barras Visto por última vez Precio de reemplazo Tipo de ítem Koha
        Biblioteca del Ateneo de Madrid Biblioteca del Ateneo de Madrid Depósito 2 17/01/2008     F-5071 1147465 23/02/2023 23/02/2023 Libro impreso